000 00871pam a2200253 a 4500
999 _c8214
_d8214
003 OSt
005 20200923122213.0
008 970128s1997 flua b 001 0 eng
010 _a 97000306
020 _a9781566702133
040 _aDLC
_cDLC
_dDLC
050 0 0 _aGE105
_b.M36 1997
082 0 0 _a628
_221
100 1 _aManahan, Stanley E.
245 1 0 _aEnvironmental science and technology /
_cStanley E. Manahan.
260 _aBoca Raton, Fla. :
_bCRC Lewis,
_cc1997.
300 _a641 p. :
_bill. ;
_c26 cm.
504 _aIncludes bibliographical references and index.
650 0 _aEnvironmental sciences.
650 0 _aEcological engineering.
906 _a7
_bcbc
_corignew
_d1
_eocip
_f19
_gy-gencatlg
942 _2ddc